LIBRARY & INFORMATION CENTRE, KCAET, TAVANUR

ONLINE PUBLIC ACCESS CATALOGUE (OPAC)

Elements of workshop technology, Vol 2 / (Record no. 5676)

MARC details
000 -LEADER
fixed length control field 00533cam a2200193ua 4500
003 - CONTROL NUMBER IDENTIFIER
control field OSt
008 - FIXED-LENGTH DATA ELEMENTS--GENERAL INFORMATION
fixed length control field 250315b |||||||| |||| 00| 0 eng d
041 ## - LANGUAGE CODE
Language code of text/sound track or separate title eng
082 ## - DEWEY DECIMAL CLASSIFICATION NUMBER
Classification number 621.9
Item number HAJ/EL
100 ## - MAIN ENTRY--AUTHOR NAME
Personal name Hajra Choudhury, S K .
245 ## - TITLE STATEMENT
Title Elements of workshop technology, Vol 2 /
250 ## - EDITION STATEMENT
Edition statement 1 /
260 ## - PUBLICATION, DISTRIBUTION, ETC. (IMPRINT)
Place of publication :
Name of publisher Media Promoters & Publishers Pvt Ltd ,
Year of publication 1985.
300 ## - PHYSICAL DESCRIPTION
Number of Pages 648 ; .
700 1# - ADDED ENTRY--PERSONAL NAME
Personal name Bhattacharya, S C .
700 1# - ADDED ENTRY--PERSONAL NAME
Personal name Bose , S K .
700 1# - ADDED ENTRY--PERSONAL NAME
Personal name Hajra Choudhury, A K .
942 ## - ADDED ENTRY ELEMENTS (KOHA)
Koha item type Books
Holdings
Withdrawn status Lost status Damaged status Home library Current library Date acquired Full call number Accession Number Koha item type
      KAUAET KAUAET 02/10/1986 621.9 HAJ/EL 14776 Books
      KAUAET KAUAET 17/03/1986 621.9 HAJ/EL 15043 Books
      KAUAET KAUAET 17/03/1986 621.9 HAJ/EL 15044 Books
      KAUAET KAUAET 17/03/1986 621.9 HAJ/EL 15045 Books
free website counter